<?xml version="1.0" encoding="UTF-8"?>
<record
    xmlns:xsi="http://www.w3.org/2001/XMLSchema-instance"
    xsi:schemaLocation="http://www.loc.gov/MARC21/slim http://www.loc.gov/standards/marcxml/schema/MARC21slim.xsd"
    xmlns="http://www.loc.gov/MARC21/slim">

  <leader>00548nam a22001577a 4500</leader>
  <controlfield tag="003">OSt</controlfield>
  <controlfield tag="005">20151202155932.0</controlfield>
  <controlfield tag="008">151202b        xxu||||| |||| 00| 0 eng d</controlfield>
  <datafield tag="040" ind1=" " ind2=" ">
    <subfield code="c">RUA</subfield>
  </datafield>
  <datafield tag="082" ind1=" " ind2=" ">
    <subfield code="a">FIS KUL 2009 B181 Or.1</subfield>
  </datafield>
  <datafield tag="100" ind1=" " ind2=" ">
    <subfield code="9">4166</subfield>
    <subfield code="a">KUL, RAKSMEY.</subfield>
  </datafield>
  <datafield tag="245" ind1=" " ind2=" ">
    <subfield code="a">Nursing post-larvae of fresheather prawn (macrodrachium rosenbergii) in rice-fields, &#x1780;&#x17B6;&#x179A;&#x1790;&#x17C2;&#x1794;&#x17C6;&#x1794;&#x17C9;&#x1793;&#x1780;&#x17BC;&#x1793;&#x1794;&#x1784;&#x17D2;&#x1780;&#x1784;&#x1787;&#x17B6;&#x1798;&#x1799;&#x1799;&#x178A;&#x17C6;&#x178E;&#x17B6;&#x17C6;&#x179F;&#x17D2;&#x179A;&#x17BC;&#x179C;</subfield>
  </datafield>
  <datafield tag="260" ind1=" " ind2=" ">
    <subfield code="a">Phnom penh</subfield>
    <subfield code="b">RUA</subfield>
    <subfield code="c">2009</subfield>
  </datafield>
  <datafield tag="300" ind1=" " ind2=" ">
    <subfield code="a">xi, 32p.</subfield>
    <subfield code="b">ill.</subfield>
    <subfield code="c">29cm.</subfield>
  </datafield>
  <datafield tag="942" ind1=" " ind2=" ">
    <subfield code="2">ddc</subfield>
    <subfield code="c">FIS</subfield>
  </datafield>
  <datafield tag="999" ind1=" " ind2=" ">
    <subfield code="c">3880</subfield>
    <subfield code="d">3880</subfield>
  </datafield>
  <datafield tag="952" ind1=" " ind2=" ">
    <subfield code="0">0</subfield>
    <subfield code="1">0</subfield>
    <subfield code="2">ddc</subfield>
    <subfield code="4">0</subfield>
    <subfield code="6">FIS_KUL_2009_000000000000000_B181_OR_1</subfield>
    <subfield code="7">0</subfield>
    <subfield code="9">19544</subfield>
    <subfield code="a">LBB</subfield>
    <subfield code="b">LBB</subfield>
    <subfield code="c">B181</subfield>
    <subfield code="d">2015-12-02</subfield>
    <subfield code="o">FIS KUL 2009 B181 Or.1</subfield>
    <subfield code="p">RUA037721</subfield>
    <subfield code="r">2015-12-02</subfield>
    <subfield code="w">2015-12-02</subfield>
    <subfield code="y">FIS</subfield>
  </datafield>
  <datafield tag="952" ind1=" " ind2=" ">
    <subfield code="0">0</subfield>
    <subfield code="1">0</subfield>
    <subfield code="2">ddc</subfield>
    <subfield code="4">0</subfield>
    <subfield code="6">FIS_KUL_2009_000000000000000_B181_OR_2</subfield>
    <subfield code="7">0</subfield>
    <subfield code="9">19545</subfield>
    <subfield code="a">LBB</subfield>
    <subfield code="b">LBB</subfield>
    <subfield code="c">B181</subfield>
    <subfield code="d">2015-12-02</subfield>
    <subfield code="o">FIS KUL 2009 B181 Or.2</subfield>
    <subfield code="p">RUA037480</subfield>
    <subfield code="r">2015-12-02</subfield>
    <subfield code="w">2015-12-02</subfield>
    <subfield code="y">FIS</subfield>
  </datafield>
  <datafield tag="952" ind1=" " ind2=" ">
    <subfield code="0">0</subfield>
    <subfield code="1">0</subfield>
    <subfield code="2">ddc</subfield>
    <subfield code="4">0</subfield>
    <subfield code="6">FIS_KUL_2009_000000000000000_B181_OR_3</subfield>
    <subfield code="7">0</subfield>
    <subfield code="9">19546</subfield>
    <subfield code="a">LBB</subfield>
    <subfield code="b">LBB</subfield>
    <subfield code="c">B181</subfield>
    <subfield code="d">2015-12-02</subfield>
    <subfield code="o">FIS KUL 2009 B181 Or.3</subfield>
    <subfield code="p">RUA037678</subfield>
    <subfield code="r">2015-12-02</subfield>
    <subfield code="w">2015-12-02</subfield>
    <subfield code="y">FIS</subfield>
  </datafield>
  <datafield tag="952" ind1=" " ind2=" ">
    <subfield code="0">0</subfield>
    <subfield code="1">0</subfield>
    <subfield code="2">ddc</subfield>
    <subfield code="4">0</subfield>
    <subfield code="6">FIS_KUL_2009_000000000000000_B181_OR_4</subfield>
    <subfield code="7">0</subfield>
    <subfield code="9">19547</subfield>
    <subfield code="a">LBB</subfield>
    <subfield code="b">LBB</subfield>
    <subfield code="c">B181</subfield>
    <subfield code="d">2015-12-02</subfield>
    <subfield code="o">FIS KUL 2009 B181 Or.4</subfield>
    <subfield code="p">RUA035248</subfield>
    <subfield code="r">2015-12-02</subfield>
    <subfield code="w">2015-12-02</subfield>
    <subfield code="y">FIS</subfield>
  </datafield>
  <datafield tag="952" ind1=" " ind2=" ">
    <subfield code="0">0</subfield>
    <subfield code="1">0</subfield>
    <subfield code="2">ddc</subfield>
    <subfield code="4">0</subfield>
    <subfield code="6">FIS_KUL_2009_000000000000000_B181_OR_5</subfield>
    <subfield code="7">0</subfield>
    <subfield code="9">19548</subfield>
    <subfield code="a">LBB</subfield>
    <subfield code="b">LBB</subfield>
    <subfield code="c">B181</subfield>
    <subfield code="d">2015-12-02</subfield>
    <subfield code="l">1</subfield>
    <subfield code="m">1</subfield>
    <subfield code="o">FIS KUL 2009 B181 Or.5</subfield>
    <subfield code="p">RUA037782</subfield>
    <subfield code="r">2016-08-19</subfield>
    <subfield code="s">2016-07-22</subfield>
    <subfield code="w">2015-12-02</subfield>
    <subfield code="y">FIS</subfield>
  </datafield>
  <datafield tag="952" ind1=" " ind2=" ">
    <subfield code="0">0</subfield>
    <subfield code="1">0</subfield>
    <subfield code="2">ddc</subfield>
    <subfield code="4">0</subfield>
    <subfield code="6">FIS_KUL_2009_000000000000000_B181_OR_6</subfield>
    <subfield code="7">0</subfield>
    <subfield code="9">19549</subfield>
    <subfield code="a">LBB</subfield>
    <subfield code="b">LBB</subfield>
    <subfield code="c">B181</subfield>
    <subfield code="d">2015-12-02</subfield>
    <subfield code="o">FIS KUL 2009 B181 Or.6</subfield>
    <subfield code="p">RUA037649</subfield>
    <subfield code="r">2015-12-02</subfield>
    <subfield code="w">2015-12-02</subfield>
    <subfield code="y">FIS</subfield>
  </datafield>
  <datafield tag="952" ind1=" " ind2=" ">
    <subfield code="0">0</subfield>
    <subfield code="1">0</subfield>
    <subfield code="2">ddc</subfield>
    <subfield code="4">0</subfield>
    <subfield code="6">FIS_KUL_2009_000000000000000_B181_OR_7</subfield>
    <subfield code="7">0</subfield>
    <subfield code="9">19550</subfield>
    <subfield code="a">LBB</subfield>
    <subfield code="b">LBB</subfield>
    <subfield code="c">B181</subfield>
    <subfield code="d">2015-12-02</subfield>
    <subfield code="o">FIS KUL 2009 B181 Or.7</subfield>
    <subfield code="p">RUA037042</subfield>
    <subfield code="r">2015-12-02</subfield>
    <subfield code="w">2015-12-02</subfield>
    <subfield code="y">FIS</subfield>
  </datafield>
  <datafield tag="952" ind1=" " ind2=" ">
    <subfield code="0">0</subfield>
    <subfield code="1">0</subfield>
    <subfield code="2">ddc</subfield>
    <subfield code="4">0</subfield>
    <subfield code="6">FIS_KUL_2009_000000000000000_B181_OR_8</subfield>
    <subfield code="7">0</subfield>
    <subfield code="9">19551</subfield>
    <subfield code="a">LBB</subfield>
    <subfield code="b">LBB</subfield>
    <subfield code="c">B181</subfield>
    <subfield code="d">2015-12-02</subfield>
    <subfield code="o">FIS KUL 2009 B181 Or.8</subfield>
    <subfield code="p">RUA036984</subfield>
    <subfield code="r">2015-12-02</subfield>
    <subfield code="w">2015-12-02</subfield>
    <subfield code="y">FIS</subfield>
  </datafield>
  <datafield tag="952" ind1=" " ind2=" ">
    <subfield code="0">0</subfield>
    <subfield code="1">0</subfield>
    <subfield code="2">ddc</subfield>
    <subfield code="4">0</subfield>
    <subfield code="6">FIS_KUL_2009_000000000000000_B181_OR_9</subfield>
    <subfield code="7">0</subfield>
    <subfield code="9">19552</subfield>
    <subfield code="a">LBB</subfield>
    <subfield code="b">LBB</subfield>
    <subfield code="c">B181</subfield>
    <subfield code="d">2015-12-02</subfield>
    <subfield code="o">FIS KUL 2009 B181 Or.9</subfield>
    <subfield code="p">RUA036622</subfield>
    <subfield code="r">2015-12-02</subfield>
    <subfield code="w">2015-12-02</subfield>
    <subfield code="y">FIS</subfield>
  </datafield>
  <datafield tag="952" ind1=" " ind2=" ">
    <subfield code="0">0</subfield>
    <subfield code="1">0</subfield>
    <subfield code="2">ddc</subfield>
    <subfield code="4">0</subfield>
    <subfield code="6">FIS_KUL_2009_000000000000000_B1_226_OR_1</subfield>
    <subfield code="7">0</subfield>
    <subfield code="9">78670</subfield>
    <subfield code="a">LBB</subfield>
    <subfield code="b">LBB</subfield>
    <subfield code="c">B1.226</subfield>
    <subfield code="d">2019-03-26</subfield>
    <subfield code="o">FIS KUL 2009 B1.226 Or.1</subfield>
    <subfield code="p">A40798</subfield>
    <subfield code="r">2019-03-26</subfield>
    <subfield code="w">2019-03-26</subfield>
    <subfield code="y">FIS</subfield>
  </datafield>
</record>
